'K' Cartoon Characters by Picture Quiz Stats

 Plays Quiz Updated Feb 17, 2017

Support Sporcle.
Go Orange.
Score 0/16 Timer 06:00
1 Play Today
Column Character % Correct
Kim Possible
88.4%
Kenny McCormick
85.5%
Krusty the Clown
85.4%
Kool-Aid Man
83.7%
Kanga
80.2%
Kirby
71.9%
Kaa
61.4%
Emperor Kuzco
57.3%
Column Character % Correct
Kristoff Bjorgman
55.5%
Knuckles
52.4%
Kevin
48.8%
Katara
27.3%
Killer Croc
27.2%
Kenai
18.9%
Kocoum
17.7%
Kerchak
16.9%

You're not logged in!

Compare scores with friends on all Sporcle quizzes.
OR
Log In
Forgot?

From the Vault

Best Friends in TV

by CatStarcatcher

If you're gonna be the best friend on a TV show, look forward to lots of wacky hi-jinks.
Remove Ads.
Support Sporcle.
Get the best of Sporcle when you Go Orange. This ad-free experience offers more features, more stats, and more fun while also helping to support Sporcle. Thank you for becoming a member.

Show Comments

Extras

Top Quizzes Today


Score Distribution

Your Account Isn't Verified!

In order to create a playlist on Sporcle, you need to verify the email address you used during registration. Go to your Sporcle Settings to finish the process.

Report this User

Report this user for behavior that violates our Community Guidelines.

Details: